Städte in der Ukraine - Sudden Death - Statistiken

Allgemein
  • Dieses Quiz wurde 180 mal gespielt
  • Das Durchschnittsergebnis liegt bei 8 aus 15
Answers on the Grid
Answers color-coded by a green-red scale on the quiz's grid according to % correct below.
Kiew
Odessa
Charkiw
Donezk
Dnipro
Lwiw
Saporischschja
Krywyj Rih
Mykolajiw
Mariupol
Winnyzja
Ternopil
Sumy
Poltawa
Riwne
Sotschi
Lublin
Babrujsk
Oradea
Miskolc
Tiraspol
Orjol
Belgorod
Lipezk
Kasan
Alytus
Kaliningrad
Radom
Prizren
Plowdiw
 
Antwortstatistiken
Antwort % Korrekt
Kiew
87%
Charkiw
81%
Odessa
80%
Lwiw
78%
Donezk
76%
Mariupol
70%
Dnipro
69%
Saporischschja
55%
Krywyj Rih
38%
Mykolajiw
38%
Poltawa
29%
Sumy
29%
Winnyzja
27%
Ternopil
24%
Riwne
19%
Keine übereinstimmenden Quizze gefunden
Verteilung der Resultate
Anzahl Personen mit jedem Resultat
Perzentil nach korrekt beantworteten Fragen
Ihre Resultats-Entwicklung
Sie haben dieses Quiz noch nicht gespielt